| 000 | 00368 a2200157 4500 | ||
|---|---|---|---|
| 001 | 45794 | ||
| 020 | _a0316233374 | ||
| 040 | _cAnchieta - Aquarius | ||
| 100 | _aShriver, Maria | ||
| 240 | 1 | 0 |
_aWhat´s wrong with Timmy? _lpor |
| 245 | 1 | 0 | _aWhat´s wrong with Timmy? |
| 300 | _a | ||
| 362 | 0 | _a2001 | |
| 650 | 4 | _aLiteratura infanto-juvenil em inglês | |
| 942 | _cBK | ||
| 999 |
_c45794 _d45794 |
||